| 000 | 00602nam a2200205 i 4500 | ||
|---|---|---|---|
| 001 | 44770 | ||
| 003 | ES-MaACL | ||
| 005 | 20240305170913.0 | ||
| 007 | t| | ||
| 008 | 030324q1977 sp ||||1| spa d | ||
| 100 | 1 |
_aCioran, E. M. _938864 |
|
| 245 | 1 | 3 |
_aLa caída en el tiempo / _cE. M. Ciorán ; [traducción, Esther Seligson]. |
| 260 |
_aCaracas : _bMonte Avila, _c[1977?] |
||
| 300 |
_a156 p. ; _c18 cm. |
||
| 490 | 1 | _aColección Estudios | |
| 700 | 1 |
_aSeligson, Esther. _9105310 |
|
| 830 | 0 |
_aColección estudios _9178843 |
|
| 852 |
_aES-MaACL _jL-10329 _bR.107590 |
||
| 999 |
_c44770 _d44770 |
||